000
00312nam a22001337a 4500
008
181101b xxu||||| |||| 00| 0 eng d
020
_a
9781929109159
041
_a
eng
080
_2
3rd
_a
316
100
_a
50
101
_a
SOC
245
_a
Days in the Lives of Social Workers
_c
Grobman,L.M
942
_2
udc
_c
BK
999
_c
51469
_d
51469